02253naa a2200241 a 450000100080000000500110000800800410001910000140006024501220007426000090019652014110020565300290161665300270164565300220167265300180169465300180171265300210173070000220175170000190177370000250179270000270181777301670184410662382009-09-14 2009 bl uuuu u00u1 u #d1 aFAC??, O. aEfeito da redu????o da varia????o da dura????o de lacta????o na avalia????o gen??tica de bovinos leiteiros mesti??os. c2009 aA partir de dados de controle leiteiro obtidos junto ?? Associa????o Brasileira dos Criadores de Girolando, os efeitos da remo????o da varia????o na dura????o da lacta????o sobre a compara????o de desempenho produtivo de v??rios grupos gen??ticos Holand??s x Gir, foram estudados atrav??s da compara????o dos resultados obtidos a partir das tr??s metodologias mais utilizadas: (a) ajuste da popula????o para a dura????o da lacta????o; (b) exclus??o das lacta????es curtas (< 120 dias de dura????o) sem ajuste para a dura????o da lacta????o e (c) uso de todas as observa????es sem ajuste para a dura????o da lacta????o. Estimativas dos componentes de (co)vari??ncia foram obtidas pelo m??todo da m??xima verossimelhan??a restrita (REML) sob modelo animal. As estimativas de herdabilidade para produ????o de leite pelo uso das metodologias "a", "b" e "c" foram de 0,24 ?? 0,029, 0,31 ?? 0,034 e 0,27 ?? 0,029 , respectivamente. Conclui-se que o ajuste da produ????o de leite para a dura????o da lacta????o pode levar a pr??ticas equivocadas na compara????o de grupos gen??ticos Holandes x Gir para a produ????o de leite e na classifica????o dos animais por m??rito gen??tico. Por??m, a elimina????o das lacta????es curtas mostrou-se decis??o adequada uma vez que n??o reduziu a variabilidade gen??tica e diminuiu a vari??ncia residual, contribuindo para a melhoria da qualidade das avalia????es gen??ticas. aCorrela????o de Spearman aCorrela????o gen??tica aCruzamento animal aGado leiteiro aHerdabilidade aLacta????o curta1 aMARTINS FILHO, R.1 aLOBO, R. N. B.1 aAZEVEDO, D. M. M. R.1 aOLIVEIRA, S. M. P. de. tRevista Ci??ncia Agron??mica, Fortalezagv. 40, n. 2, p. 287-292, abr./jun. 2009. Boletim do Museu Paranaense Em??lio Goeldi, v. 4, n. 1, p. 37-45, jan/abr., 2009